000 00904nam1a22002891i 4500
001 rc\3610003
005 20240726082508.0
021 _aRU
_b[73-3272]
021 _aRU
_b[70-84601]
035 _a(NLR Aleph) 007816393
090 _a7729592
_c7729592
100 _a20130115g1970 |||y0rusy50 ca
101 0 _arus
102 _aRU
105 _a z |||a|
200 1 _aБасни
_fРис. Е. Рачева. [Кн. 1-
210 _aМосква]
_cМалыш
_d[1970]-
215 _d14
300 _aВ вып. дан. сост.: И. Боронецкий
608 _aБасни русские, советские (д. л.)
_2psbo
700 1 _aМихалков
_bС.В.
_f1913-
_gСергей Владимирович
702 1 _aРачев
_bЕ.
_4440
702 1 _aБоронецкий
_bИ.
_4220
801 0 _aRU
_bNLR
_gpsbo
801 1 _aRU
_bELAR
_2rusmarc
852 _aNLR
_j70-1/408
942 _cBOOK